000
00268nam a2200109Ia 4500
008
200302s9999 xx 000 0 und d
100
_a
Maya Jayapal
245
_a
Bangalore the Story of a City
260
_b
East West Books Pvt. Ltd.
260
_c
1997
300
_a
278 P.,
999
_c
5447
_d
5447